À tous les garçons que j'ai aimés - les personnages - Statistiques

Statistiques générales
  • Ce quiz a été pris 324 fois
  • Le résultat moyen est 6 sur 10
Statistiques - réponses
Par images Réponse % Correct
Lara Jean
98%
Peter
98%
Kitty
96%
Margot
84%
Josh
65%
Lucas
49%
Chris
48%
Gen
46%
Joan
23%
Docteur Covey
13%
Aucun quiz correspondant
Distribution des résultats
% des personnes avec chaque résultat
Percentile par nombre de réponses
Votre historique - résultats
Vous n’avez pas pris ce quiz